|
|
|
|
| LEADER |
00000nam a2200000 a 4500 |
| 001 |
UCY8813 |
| 003 |
CL-VaPUC |
| 008 |
950707e19430000AG |||||||||||||||||spa|d |
| 082 |
0 |
4 |
|a 142.7
|b SCH
|2 21
|
| 100 |
0 |
|
|a Scheler, Max
|e author
|9 311258
|
| 245 |
1 |
0 |
|a Esencia y formas de la simpatía
|
| 300 |
|
|
|a 375 p
|
| 942 |
|
|
|c BK
|
| 945 |
|
|
|d 19950707 00:00:00
|a aalvarez
|
| 260 |
|
|
|a Buenos Aires
|b Losada
|c 1943
|
| 650 |
|
0 |
|a Fenomenología
|9 256519
|
| 650 |
|
0 |
|a Filosofía alemana
|9 265002
|
| 583 |
|
|
|a last modification
|c 19950707 00:00:00
|k Rodrigo Vera
|
| 999 |
|
|
|c 236014
|d 236012
|
| 952 |
|
|
|0 0
|1 0
|4 0
|6 142_700000000000000_SCH_1943
|7 0
|8 P
|9 243817
|a BIBEDU
|b BIBEDU
|c BIBEDU_PB
|d 2019-11-18
|i 3098427
|o 142.7 SCH 1943
|p 3098427
|r 2024-01-25
|w 2019-11-18
|y BK
|k FIL
|